[Event "Landesliga U20 Sued 1516"]
[Site "Bayern"]
[Date "2016.02.27"]
[Round "6.2"]
[White "Pils, Markus"]
[Black "Lohvinov, Petro"]
[Result "1/2-1/2"]
[WhiteElo "1656"]
[BlackElo "1703"]
[PlyCount "79"]
[EventDate "2015.11.21"]
[EventType "team-tourn"]
[EventRounds "7"]
[EventCountry "GER"]
[SourceTitle "EXT 2022"]
[Source "ChessBase"]
[SourceDate "2021.10.06"]
[SourceVersion "1"]
[SourceVersionDate "2021.10.06"]
[SourceQuality "1"]
[WhiteTeam "Weilheim U20"]
[BlackTeam "Muenchen Suedost SK U20 II"]
[WhiteTeamCountry "GER"]
[BlackTeamCountry "GER"]

1. e4 e5 2. Nf3 Nc6 3. Bc4 Nf6 4. d3 Bc5 5. 0-0 d6 6. Bg5 h6 7. Bh4 g5 8. Bg3 Qe7 9. c3 Bg4 10. a4 a5 11. Nbd2 0-0-0 12. Qb3 Be6 13. Qb5 h5 14. h4 g4 15. Ne1 d5 16. exd5 Bxd5 17. Nb3 Bb6 18. Nd2 Qc5 19. Qb3 Rhe8 20. Bxd5 Qxd5 21. Nc4 Bc5 22. Rd1 e4 23. d4 Bf8 24. Bf4 Be7 25. Nc2 Qf5 26. Bg5 Nd5 27. Bxe7 Ndxe7 28. N2e3 Qe6 29. Qb5 b6 30. Qa6+ Kb8 31. Qb5 Nd5 32. g3 Na7 33. Qb3 Nxe3 34. fxe3 Nc6 35. Rf4 f5 36. Rdf1 Rd5 37. Nd2 Rf8 38. c4 Rdd8 39. d5 Qe5 40. Kg2 1/2-1/2

[Event "Landesliga U20 Sued 1516"]
[Site "Bayern"]
[Date "2015.11.21"]
[Round "1.3"]
[White "Weber, Tobias"]
[Black "Pils, Markus"]
[Result "0-1"]
[WhiteElo "1234"]
[BlackElo "1656"]
[PlyCount "47"]
[EventDate "2015.11.21"]
[EventType "team-tourn"]
[EventRounds "7"]
[EventCountry "GER"]
[SourceTitle "EXT 2022"]
[Source "ChessBase"]
[SourceDate "2021.10.06"]
[SourceVersion "1"]
[SourceVersionDate "2021.10.06"]
[SourceQuality "1"]
[WhiteTeam "Forstenried U20"]
[BlackTeam "Weilheim U20"]
[WhiteTeamCountry "GER"]
[BlackTeamCountry "GER"]

1. e4 e5 2. Nf3 Nc6 3. Bc4 Bc5 4. 0-0 Nf6 5. d3 d6 6. Bg5 Be6 7. Bb3 h6 8. Bh4 g5 9. Bg3 Qd7 10. c3 Bg4 11. Nbd2 0-0-0 12. h3 Bh5 13. Ba4 Rdg8 14. Qc2 g4 15. hxg4 Qxg4 16. d4 exd4 17. cxd4 Nxd4 18. Nxd4 Bxd4 19. Kh2 Bxf2 20. Rxf2 Qxg3+ 21. Kg1 Ng4 22. Nf3 Nxf2 23. Qxf2 Bxf3 24. Qxf3 0-1